El tiempo del desprecio

Gorde:
Xehetasun bibliografikoak
Egile nagusia: Malraux, André (autor)
Formatua: Liburua
Hizkuntza:gaztelania
Argitaratua: Santiago Nascimento 1936
Saila:Biblioteca Selecta Nascimento
Gaiak:
Etiketak: Etiketa erantsi
Etiketarik gabe, Izan zaitez lehena erregistro honi etiketa jartzen!

MARC

LEADER 00000nam a2200000 a 4500
001 UCZ4944
003 CL-VaPUC
008 951115e19360000CL |||||||||||||||||spa|d
082 0 4 |a 843  |b MAL  |2 21 
100 |a Malraux, André  |e autor  |9 596789 
245 1 3 |a El tiempo del desprecio 
300 |a 163 p 
942 |c BK 
945 |d 19951115 00:00:00  |a rleighto 
260 |a Santiago  |b Nascimento  |c 1936 
650 0 |a Novela francesa  |9 264985 
583 |a last modification  |c 19951115 00:00:00  |k Rodrigo Vera 
490 0 |a Biblioteca Selecta Nascimento 
999 |c 241285  |d 241283 
952 |0 0  |1 0  |4 0  |6 843_000000000000000_MAL_1936  |7 0  |8 A  |9 253574  |a BIBEDU  |b BIBEDU  |d 2019-11-19  |i 315016K  |o 843 MAL 1936  |p 315016K  |r 2019-11-19  |w 2019-11-19  |y BK  |k LIT